La memoria de los olvidados : (Record no. 67688)

MARC details
000 -LEADER
campo de control de longitud fija 01164nam a2200313 i 4500
001 - NÚMERO DE CONTROL
campo de control 67688
003 - IDENTIFICADOR DE NÚMERO DE CONTROL
campo de control ES-MaACL
005 - FECHA Y HORA DE LA ÚLTIMA TRANSACCIÓN
campo de control 20240228183009.0
007 - CAMPO FIJO DE DESCRIPCIÓN FÍSICA--INFORMACIÓN GENERAL
campo de control de longitud fija t|
008 - DATOS DE LONGITUD FIJA--INFORMACIÓN GENERAL
campo de control de longitud fija 040610s2004 sp |||| | spa d
020 ## - NÚMERO INTERNACIONAL ESTÁNDAR DEL LIBRO
Número Internacional Estándar del Libro 84-8183-132-8
080 ## - NÚMERO DE LA CLASIFICACIÓN DECIMAL UNIVERSAL
Número de la Clasificación Decimal Universal 343.301(460)"1936/39"
080 ## - NÚMERO DE LA CLASIFICACIÓN DECIMAL UNIVERSAL
Número de la Clasificación Decimal Universal 94(460)"1936/39"
080 ## - NÚMERO DE LA CLASIFICACIÓN DECIMAL UNIVERSAL
Número de la Clasificación Decimal Universal 94(460)"1939/75"
245 03 - MENCIÓN DEL TÍTULO
Título La memoria de los olvidados :
Resto del título un debate sobre el silencio de la represión franquista /
Mención de responsabilidad, etc. Asunción Álvarez ... [et al.] ; prólogo de Paul Preston ; coordinadores, Emilio Silva ... [et al.].
250 ## - MENCION DE EDICION
Mención de edición 1ª ed.
260 ## - PUBLICACIÓN, DISTRIBUCIÓN, ETC.
Lugar de publicación, distribución, etc. Valladolid :
Nombre del editor, distribuidor, etc. Ámbito,
Fecha de publicación, distribución, etc. 2004.
300 ## - DESCRIPCIÓN FÍSICA
Extensión 219 p. :
Otras características físicas il., gráf. ;
Dimensiones 21 cm.
490 1# - MENCIÓN DE SERIE
Mención de serie Alarife ;
Designación de volumen o secuencia 21
650 ## - PUNTO DE ACCESO ADICIONAL DE MATERIA--TÉRMINO DE MATERIA
Término de materia o nombre geográfico como elemento de entrada Personas desaparecidas (Represión política)-
Subdivisión geográfica España-
Subdivisión cronológica 1936-1939.
9 (RLIN) 15978
651 #4 - PUNTO DE ACCESO ADICIONAL DE MATERIA--NOMBRE GEOGRÁFICO
Nombre geográfico España-
Subdivisión general Historia-
Subdivisión cronológica 1936-1939, Guerra civil-
Subdivisión general Atrocidades.
9 (RLIN) 8296
651 #4 - PUNTO DE ACCESO ADICIONAL DE MATERIA--NOMBRE GEOGRÁFICO
Nombre geográfico España-
Subdivisión general Historia-
Subdivisión cronológica 1939-1975, Dictadura.
9 (RLIN) 167928
700 1# - ENTRADA AGREGADA--NOMBRE PERSONAL
Nombre de persona Alvarez, Asunción.
9 (RLIN) 20616
700 0# - ENTRADA AGREGADA--NOMBRE PERSONAL
Nombre de persona Preston, Paul,
Fechas asociadas al nombre 1946-
9 (RLIN) 93797
700 1# - ENTRADA AGREGADA--NOMBRE PERSONAL
Nombre de persona Silva, Emilio.
9 (RLIN) 106362
830 1# - PUNTO DE ACCESO ADICIONAL DE SERIE-TÍTULO UNIFORME
Título uniforme Alarife ;
Designación de volumen o secuencia 21
9 (RLIN) 228713
852 4# - LOCALIZACIÓN
Ubicación ES-MaACL
Número de control de estantería L-27872
Holdings
Estatus retirado Estado de pérdida Estado de daño No para préstamo Biblioteca de origen Biblioteca actual Ubicación en estantería Fecha de adquisición Fuente de adquisición Total de préstamos Signatura topográfica completa Código de barras Visto por última vez Precio de reemplazo Tipo de ítem Koha
        Biblioteca del Ateneo de Madrid Biblioteca del Ateneo de Madrid Depósito 2 17/01/2008     L-27872 1070869 23/02/2023 23/02/2023 Libro impreso